Представление документа в формате RUSMARC

ПолеНазваниеЗначение
  Тип записи a
  Библиографический уровень m
001 Контрольный номер RU/SLIB/B/208704463
005 Дата корректировки 20241102114109.8
010 Индекс ISBN __
d Цена 1725-00
101 Язык документа 0_
a Язык текста rus
200 Заглавие и сведения об ответственности 1_
a Заглавие Тайная мудрость человеческого организма (глубинная медицина)
f Первые сведения об ответственности Залманов А. С.
b Общее обозначение материала Текст
210 Выходные данные 1_
a Место издания Минск
c Издательство Инфорад
d Дата издания 1993
215 Физическое описание __
a Объем 272 с.
606 Тематические рубрики __
a Основная рубрика Здравоохранение. Медицинские науки
a Основная рубрика Физиотерапия и курортология в целом
606 Тематические рубрики __
a Основная рубрика Курортология
610 Ключевые слова 0_
a Ключевые слова здоровье; гидротерапия; бальнеотерапия; болезни; минеральные воды; лечебные ванны; методика Залманова
686 Индексы других классификаций __
2 Код системы rubbks
a Классификационный индекс 53.544
700 Автор _1
a Фамилия Залманов
b Имя А. С.
4 Код отношения 070
801 Источник записи _0
a Страна RU
b Организация Муниципальное бюджетное учреждение культуры "Централизованная библиотечная система" г. Сургут (Центральная городская библиотека им. А. С. Пушкина)
g Правила каталогизации ОБ/Смолякова
801 Источник записи _1
a Страна RU
b Организация Муниципальное бюджетное учреждение культуры "Централизованная библиотечная система" г. Сургут (Центральная городская библиотека им. А. С. Пушкина)
g Правила каталогизации ОБ/Смолякова
852 Данные о местонахождении __
j Шифр хранения 53.544
c Каталожный индекс 53.53
i Авторский знак З-23
p Инвентарный номер 51005
901 Тип документа __
t Тип документа m
903 Характеристики (МАРС) __
a Дата передачи 19990216
990 Данные о заказе (DOS) __
j Количество экземпляров (DOS) 1
t N записи в КСУ для И/У (DOS) 199501